| 000 | 00339nam a2200121Ia 4500 | ||
|---|---|---|---|
| 008 | 220616s9999||||xx |||||||||||||| ||und|| | ||
| 100 | _aFrank Cochoy | ||
| 245 | 0 | _aOn Curiosity | |
| 546 | _aEnglish[eng] | ||
| 650 | _aSociology (General)||Commerce||Manners and customs (General) | ||
| 856 | _uhttps://muse.jhu.edu/book/81378 | ||
| 942 | _cEB | ||
| 999 |
_c20434 _d20434 |
||